| 000 | 00912nam a22002532 4500 | ||
|---|---|---|---|
| 001 | 0000011946 | ||
| 005 | 20151217152103.0 | ||
| 008 | 090122s xx 000 0 eng d | ||
| 020 | _a142946162 : | ||
| 040 |
_aKABU _cKABU |
||
| 245 | 1 | 0 |
_aIdentity, ethnic diversity and community cohesion / _cedited by Margaret Wetherell, Michelynn Lafleche and Robert Berkeley. |
| 250 | _a1st ed. | ||
| 260 |
_aLondon : _bSage, _c2007. |
||
| 300 | _axiii, 161 p. | ||
| 650 | 0 |
_aCommunity life _xCongresses _zGreat Britain. _@0000168027 |
|
| 650 | 0 |
_aGroup identity _xCongresses _zGreat Britain. _@0000168028 |
|
| 650 | 0 |
_aEthnicity. _xCongresses _zGreat Britain. _@0000168029 |
|
| 700 | 1 |
_aWetherell, Margaret. _@0000168030 |
|
| 700 | 1 |
_aLafleche, Michelynn. _@0000168031 |
|
| 700 | 1 |
_aBerkelet, Robert. _@0000168032 |
|
| 852 | 1 | _9p4700 KES | |
| 908 | _a090122 | ||
| 950 | _@1 | ||
| 999 |
_c8107 _d8107 |
||